Trnava - Štefánikov pomník

Zobrazenie: pohľad sprava na pamätník v parku

Bibliographic Details
Format: Postcard
Language:Slovak
PhysicalDescription:1 pohľadnica čiernobiela 14 x 9 cm
Published: [Bratislava] Slovakotour 1946
Subjects:

MARC

LEADER 00000nkm a2200000 4500
001 vtls011752425
003 SK-MaSNL
005 20260512123531.0
007 kp bo
008 251029s1946 xo g 00 k|slo
015 |a SNBG1946 
035 |a urn:nbn:sk:snk-km00dndn 
035 |a urn:nbn:sk:snk-km3lzvx 
035 |a FF679107-DE47-4204-BA98-D886C1633C5A 
040 |a SNK  |b slo  |c SNK  |e AACR2 
041 0 |a slo 
043 |a e-xo--- 
044 |a xo  |c SK 
072 7 |a 913  |x Regionálna geografia  |2 konspekt 
072 7 |a 72  |x Architektúra  |2 konspekt 
080 |a 913(437.6)  |2 2011 
080 |a (084.121)  |2 2011 
080 |a 725.945  |2 2011 
245 0 0 |a Trnava - Štefánikov pomník  |h grafika 
264 1 |a [Bratislava]  |b Slovakotour  |c 1946 
264 3 |a [Bratislava]  |b Kriváň  |c 1946 
300 |a 1 pohľadnica  |b čiernobiela  |c 14 x 9 cm 
336 |a statický obraz  |b sti  |2 rdacontent 
337 |a bez média  |b n  |2 rdamedia 
338 |a karta  |b no  |2 rdacarrier 
520 8 |a Zobrazenie: pohľad sprava na pamätník v parku 
600 1 7 |a Štefánik, Milan Rastislav,  |d 1880-1919  |2 SNKMA  |9 86219 
650 0 7 |a pamätníky  |2 SNKPH  |9 25601 
651 7 |a Trnava (Slovensko)  |2 SNKPHgeo  |9 19407 
655 7 |a miestne pohľadnice  |2 SNKPH  |9 70510 
852 |a Slovenská národná knižnica 
958 |a EUIPO 
958 |a GBN 
958 |a GC 
958 |a OND 
999 |c 770270  |d 772200 
952 |a SNK  |b SNK  |y PREZ  |7 0  |p 17A1333003  |o snkSP 86401  |0 0  |1 0  |4 0  |d 2018-04-23  |f 1  |l 0  |r 2026-02-24 00:32:43  |w 2026-02-24